Normal view
MARC view
Entry Personal Name
001 - CONTROL NUMBER
- control field: 8430
003 - CONTROL NUMBER IDENTIFIER
- control field: BD-RjUL
005 - DATE AND TIME OF LATEST TRANSACTION
- control field: 20230820161457.0
008 - FIXED-LENGTH DATA ELEMENTS
- fixed length control field: 230820|| aca||aabn | a|a d
040 ## - CATALOGING SOURCE
- Original cataloging agency: BD-RjUL
- Transcribing agency: BD-RjUL
100 ## - HEADING--PERSONAL NAME
- Personal name: Rashed, Md. Golam, Supervisor
670 ## - SOURCE DATA FOUND
- Source citation: Work cat.: (BD-RjUL)81726: Debnath, Partha Pratim 8428, Tracking people's behaviors for detecting and understsnding their suspicious activities in social environments / , 2021